[Event "Kurdistan op 2nd"]
[Site "Erbil"]
[Date "2013.12.15"]
[Round "5"]
[White "Danar Jamaj, Qadir Ghaffoori"]
[Black "Monir, Ghadeer"]
[Result "1-0"]
[WhiteElo "2049"]
[BlackElo "1899"]
[PlyCount "49"]
[EventDate "2013.12.12"]
[EventType "swiss"]
[EventRounds "9"]
[EventCountry "IRQ"]
[SourceTitle "EXT 2015"]
[Source "ChessBase"]
[SourceDate "2014.11.20"]
[SourceVersion "1"]
[SourceVersionDate "2014.11.20"]
[SourceQuality "1"]

1. e4 c6 2. d4 d5 3. Nc3 dxe4 4. Nxe4 Bf5 5. Ng3 Bg6 6. h4 h6 7. Nf3 Nd7 8. h5 Bh7 9. Bd3 Bxd3 10. Qxd3 e6 11. Bf4 Ngf6 12. 0-0-0 Nd5 13. Bd2 Bd6 14. Ne4 N7f6 15. Nxd6+ Qxd6 16. Ne5 b5 17. f4 a5 18. Kb1 0-0 19. g4 Nb4 20. Bxb4 axb4 21. g5 Qd5 22. gxf6 Qxa2+ 23. Kc1 Qd5 24. Rhg1 Ra7 25. Rxg7+ 1-0